Consulta ciudadana y desarrollo urbano
Guardat en:
| Format: | Text |
|---|---|
| Matèries: | |
| Etiquetes: |
Afegir etiqueta
Sense etiquetes, Sigues el primer a etiquetar aquest registre!
|
MARC
| LEADER | 00000 a a2200000 04500 | ||
|---|---|---|---|
| 001 | 6559 | ||
| 003 | |||
| 040 | |||
| 245 | |a Consulta ciudadana y desarrollo urbano | ||
| 650 | |a DESARROLLO URBANO | ||
| 650 | |a OPINION PUBLICA | ||
| 650 | |a CARRETERAS | ||
| 773 | |g volumen 22, número 988; páginas 9-10 | ||
| 999 | |c 24024 |d 24024 | ||
